[Event "ESP-ch Seniors 2017"]
[Site "Altea"]
[Date "2017.10.11"]
[Round "5"]
[White "Vinal Gutierrez, Pedro"]
[Black "Dominguez Rueda, Juan"]
[Result "0-1"]
[WhiteElo "2041"]
[BlackElo "2135"]
[Annotator "TA"]
[PlyCount "68"]
[EventDate "2017.??.??"]
[EventType "swiss"]
[EventCountry "ESP"]
[SourceTitle "playchess.com"]
[Source "ChessBase"]
[SourceQuality "1"]

{[%evp 14,68,-10,-22,14,0,16,9,4,9,39,20,33,-88,-98,-103,-112,-349,-360,-463,-463,-439,-447,-489,-496,-497,-506,-483,-477,-523,-525,-546,-564,-542,-493,-534,-516,-534,-535,-517,-519,-490,-453,-484,-466,-892,-824,-913,-899,-1179,-1164,-1790,-1625,-2423,-1347,-29993,-29983]} 1. d4 Nf6 2. Bf4 d6 3. e3 Nbd7 4. Nf3 Nh5 5. Bg5 (5. Nc3 Nxf4 6. exf4 g6 7. h4 Nf6 8. Bd3 Bg4 9. Qe2 c6 10. O-O-O Bh6 11. Qe3 Qa5 12. Rde1 {0-1 (21) Edouard,R (2627)-Fressinet,L (2712) Calvi 2015}) 5... h6 6. Bh4 {A46: 1 d4 Nf6 2 Nf3 e6: Torre, London and Colle Systems} g5 7. Nfd2 Ndf6 8. Bg3 {LiveBook: 3 Games. The position is equal.} Bf5 9. Qf3 $146 ({Predecessor:} 9. Nc3 e6 10. Bb5+ c6 11. Be2 Bg6 12. f3 Nxg3 13. hxg3 {0-1 (33) Valarezo Ricard,P (1816)-Esplugas Esteve,V (2256) Igualada 2016}) 9... Nxg3 10. hxg3 Qc8 {[#] Hoping for ...Bg4.} 11. e4 Be6 12. Nc3 Bg7 13. O-O-O (13. Bc4 $14 {keeps the upper hand.}) 13... Bg4 $36 {[%mdl 2048] Keeping White busy.} 14. Qe3 Bxd1 15. Kxd1 $2 (15. Nxd1 $17 {is the only way for White.} c5 16. dxc5) 15... Ng4 $19 16. Qe2 Bxd4 17. Kc1 Nxf2 18. Rh2 Ng4 19. Rh1 Bxc3 20. bxc3 Qd7 21. Nb3 O-O-O 22. Qd2 Qa4 23. Kb2 Ne5 24. Qe3 b5 {[%cal Bb7b5,Bb5c4][%mdl 32]} 25. Be2 Nc4+ 26. Bxc4 bxc4 27. Nd4 Kd7 28. e5 Rb8+ 29. Ka1 (29. Kc1 $142 dxe5 30. Qxe5) 29... e6 30. Qf3 Rhf8 31. exd6 c5 {[%cal Bc7c5,Bc5d4][%mdl 32]} 32. Qf6 cxd4 33. Qe7+ Kc6 {[#] ( -> ...Qb5)} 34. d7 Qxc2 {Precision: White = 31%, Black = 76%.} 0-1

[Event "ESP-ch Seniors 2017"]
[Site "Altea"]
[Date "2017.10.11"]
[Round "5"]
[White "Anguera Maestro, Jaime"]
[Black "Celaya Tapiz, Jose Maria"]
[Result "1/2-1/2"]
[WhiteElo "2029"]
[BlackElo "2196"]
[Annotator "NA"]
[PlyCount "47"]
[EventDate "2017.??.??"]
[EventType "swiss"]
[EventCountry "ESP"]
[SourceTitle "playchess.com"]
[Source "ChessBase"]
[SourceQuality "1"]
[TimeControl "5400+30"]

1. d4 {[%emt 0:00:00]} Nf6 {[%emt 0:00:42]} 2. c4 {[%emt 0:00:00]} d6 {[%emt 0:00:31]} 3. Nc3 {[%emt 0:00:21]} g6 {[%emt 0:00:09]} 4. e4 {[%emt 0:00:26]} Bg7 {[%emt 0:00:13]} 5. Nf3 {[%emt 0:03:13]} O-O {[%emt 0:00:16]} 6. h3 {[%emt 0:00:08]} Nc6 {[%emt 0:00:45]} 7. Be3 {[%emt 0:04:26]} e5 {[%emt 0:00:56]} 8. d5 {[%emt 0:02:45]} Ne7 {[%emt 0:00:11]} 9. Qd2 {[%emt 0:00:34]} Nd7 {[%emt 0:00:17]} 10. Bd3 {[%emt 0:02:23]} f5 {[%emt 0:01:21]} 11. Bh6 {[%emt 0:03:17]} Nc5 {[%emt 0:01:49]} 12. Bxg7 {[%emt 0:01:13]} Nxd3+ {[%emt 0:01:51]} 13. Qxd3 {[%emt 0:00:12]} Kxg7 {[%emt 0:00:13]} 14. Nd2 {[%emt 0:04:37]} fxe4 {[%emt 0:00:24]} 15. Ndxe4 {[%emt 0:00:31]} Nf5 {[%emt 0:04:05]} 16. O-O-O {[%emt 0:06:15]} Nd4 {[%emt 0:00:30]} 17. Ne2 {[%emt 0:01:08]} Nxe2+ {[%emt 0:01:36]} 18. Qxe2 {[%emt 0:00:02]} Bf5 {[%emt 0:00:15]} 19. f3 {[%emt 0:21:15]} Bxe4 {[%emt 0:00:17]} 20. fxe4 {[%emt 0:00:04]} b6 {[%emt 0:00:25]} 21. Rhf1 {[%emt 0:02:54]} a5 {[%emt 0:06:18]} 22. Rxf8 {[%emt 0:02:54]} Qxf8 {[%emt 0:00:11]} 23. Rf1 {[%emt 0:00:06]} Qe7 {[%emt 0:00:15]} 24. Qf3 1/2-1/2

[Event "ESP-ch Seniors 2017"]
[Site "Altea"]
[Date "2017.10.11"]
[Round "5"]
[White "Aizpurua Blanco, Juan Antonio"]
[Black "Serra Olives, Tomas"]
[Result "0-1"]
[WhiteElo "2014"]
[BlackElo "2146"]
[Annotator "TA"]
[PlyCount "54"]
[EventDate "2017.??.??"]
[EventType "swiss"]
[EventCountry "ESP"]
[SourceTitle "playchess.com"]
[Source "ChessBase"]
[SourceQuality "1"]

{[%evp 10,54,3,0,18,8,85,-26,-27,-30,-33,-60,-31,-83,-88,-146,-136,-151,-86,-120,-112,-114,-73,-166,-169,-175,-169,-155,-150,-175,-152,-168,-136,-141,-116,-144,-121,-185,-180,-553,-527,-1347,-1274,-1249,-1239,-859,-801]} 1. e4 c5 2. Nf3 Nc6 3. g3 Nf6 (3... g6 4. Bg2 Bg7 5. O-O d6 6. c3 e5 7. d3 Nge7 8. a3 O-O 9. b4 h6 10. Nbd2 Be6 11. Nb3 c4 12. dxc4 Bxc4 13. Re1 Qc7 14. Nfd2 Be6 15. a4 a5 16. b5 Nb8 17. Ba3 Nd7 18. Nf1 Nc5 19. Nxc5 dxc5 {½-½ (40) Amin,B (2652)-Safarli,E (2660) Tromsoe 2013}) 4. d3 d5 5. exd5 Nxd5 6. Bg2 {LiveBook: 9 Games. B30: Sicilian: 2...Nc6 3 Bb5, lines without ...g6} e5 7. Nc3 Be7 {[#]} (7... Nxc3 $11 8. bxc3 Be7) 8. O-O (8. Nxe5 $1 $16 {[%mdl 512]} Be6 (8... Nxe5 9. Bxd5) 9. Nxc6 bxc6 10. Bd2) 8... Be6 $11 9. Re1 f6 $1 10. Be3 $146 ({Predecessor:} 10. Nh4 Qd7 11. f4 Bg4 12. Qd2 Nxc3 13. bxc3 O-O-O 14. Rb1 Bd6 {1-0 (38) Milchev,N (2395)-Tonchev,M (2272) Sunny Beach 2015}) 10... Qd7 11. Nh4 ({White should try} 11. Nxd5 $15 Bxd5 12. Nd2) 11... Nxe3 $17 12. fxe3 {[#]} (12. Bxc6 $142 Qxc6 13. Rxe3) 12... g5 $1 13. Nf3 Bg4 (13... h5 $142 14. h4 O-O-O) 14. Qd2 O-O-O 15. e4 Be6 16. Kh1 (16. Qf2 $17) 16... h5 $19 {[%cal Bh7h5,Bh5h4][%mdl 32]} 17. Nd5 h4 {Strongly threatening ...hxg3.} 18. Nxe7+ Qxe7 19. Kg1 hxg3 20. hxg3 Bg4 21. Nh2 Bh3 22. Nf1 Qd7 23. Qf2 (23. c3 $17 {might work better.}) 23... Bxg2 24. Kxg2 $2 (24. Qxg2 Rh3 25. Rad1) 24... Nd4 {[%cal Bc6d4,Bd4f3,Bf3h2][%mdl 32] ( -> ...Qh3+). Black is clearly winning.} 25. Nh2 Qh3+ 26. Kh1 {[#]} Nf3 $1 {[%cal Rh3h2][%mdl 512]} 27. Re2 (27. Qxf3 Qxh2#) 27... Nxh2 {Precision: White = 31%, Black = 53%.} 0-1

[Event "ESP-ch Seniors 2017"]
[Site "Altea"]
[Date "2017.10.11"]
[Round "5"]
[White "De Lucas Bello, Federico"]
[Black "Bautista Sanchez, Joan"]
[Result "1-0"]
[WhiteElo "1988"]
[BlackElo "2123"]
[Annotator "TA"]
[PlyCount "47"]
[EventDate "2017.??.??"]
[EventType "swiss"]
[EventCountry "ESP"]
[SourceTitle "playchess.com"]
[Source "ChessBase"]
[SourceQuality "1"]

{[%evp 23,47,2,4,-26,-21,-26,-26,-26,-26,-18,-24,-33,-31,-38,-36,-41,-16,-49,-12,-48,-37,-49,-40,-42,503,85]} 1. e4 c6 2. d4 d5 3. exd5 cxd5 4. c4 Nf6 5. Nc3 g6 6. Qb3 Bg7 7. cxd5 O-O 8. Be2 Nbd7 9. Bf3 Nb6 10. Nge2 Bg4 11. Bxg4 Nxg4 12. O-O Qd7 {LiveBook: 9 Games} 13. a4 {B14: Caro-Kann: Panov-Botvinnik Attack with 5...e6 and 5...g6} (13. Bf4 Nf6 14. d6 exd6 15. Nb5 Rfe8 16. Nec3 Nc8 17. Bg5 Nb6 18. Nxa7 Rxa7 19. Qxb6 Ra6 20. Qb3 Ra5 21. Bf4 Rf5 22. Bg3 h5 {½-½ (48) Chojnacki,K (2372)-Orzech,D (2394) Chotowa 2007}) 13... Rfd8 14. d6 $146 ({Predecessor:} 14. a5 Nxd5 15. h3 Ngf6 16. Bg5 h6 17. Bd2 e6 18. a6 Rab8 19. Qa4 bxa6 20. Qxd7 Rxd7 21. Na4 Ne4 22. Bc1 Rc7 23. f3 Nd6 24. Nc5 Bxd4+ 25. Nxd4 Rxc5 26. Rxa6 Nc8 27. Bxh6 Rxb2 {½-½ (27) Fatalibekova,E (2266)-Beliaeva,N (2006) Kamena Vourla 2012}) 14... Qxd6 {[%csl Gg4][%cal Rd6h2] [#]} 15. Bf4 {Black has an edge.} Qd7 16. h3 Nf6 17. Be5 Nbd5 18. Rac1 Rac8 19. Rfe1 b6 20. Qb5 Nxc3 21. Nxc3 {[%cal Be2c3,Bc3d5,Bd5e7][%mdl 32]} Bh6 22. Rcd1 Nd5 23. Nxd5 Qxb5 $4 {[%mdl 8192] [#]} (23... Qxd5 $15 {keeps the upper hand.} 24. Qa6 Ra8) 24. Nxe7+ {Precision: White = 37%, Black = 41%.} 1-0

[Event "ESP-ch Seniors 2017"]
[Site "Altea"]
[Date "2017.10.11"]
[Round "5"]
[White "Sarto Ramos, Angel"]
[Black "Fernandez Vicente, Carmelo"]
[Result "1/2-1/2"]
[WhiteElo "1909"]
[BlackElo "2044"]
[Annotator "NA RC"]
[PlyCount "104"]
[EventDate "2017.??.??"]
[EventType "swiss"]
[EventCountry "ESP"]
[SourceTitle "playchess.com"]
[Source "ChessBase"]
[SourceQuality "1"]
[TimeControl "5400+30"]

{[%evp 35,103,145,32767,32767,32767,79,32767,32767,32767,32767,64,32767,32767,29,32767,32767,32767,32767,32767,75,73,88,79,60,67,63,69,60,32767,32767,81,32767,32767,0,102,50,54,35,31,11,10,12,13,25,108,112,165,150,145,148,151,177,147,166,220,120,163,68,129,121,173,-7,0,0,0,0,11,0,0,0]} 1. d4 {[%emt 0:00:00]} Nf6 {[%emt 0:00:22]} 2. Nf3 {[%emt 0:00:20]} g6 {[%emt 0:00:31]} 3. Nc3 {[%emt 0:01:43]} Bg7 {[%emt 0:02:01]} 4. Bf4 {[%emt 0:01:47]} d6 {[%emt 0:05:22]} 5. Qd2 {[%emt 0:01:16]} O-O {[%emt 0:04:43]} 6. Bh6 {[%emt 0:01:50]} Nbd7 {[%emt 0:02:10]} 7. O-O-O {[%emt 0:01:43] A48: 1 d4 Nf6 2 Nf3 g6: Torre, London and Colle Systems} c5 {[%emt 0:01:13]} 8. Bxg7 {[%emt 0:02:24]} Kxg7 {[%emt 0:00:12]} 9. h4 {[%emt 0:01:23]} (9. e4 cxd4 10. Nxd4 a6 11. h4 Nc5 12. h5 Ng8 13. hxg6 hxg6 14. f3 e5 15. Nb3 Nxb3+ 16. axb3 Be6 17. f4 exf4 18. Qxf4 {½-½ (25) Mednikov,G (2118)-Fradkin,B (2387) Sochi 2016}) 9... h5 {[%emt 0:00:38]} 10. e4 {[%emt 0:02:01]} a6 $146 {[%emt 0:01:58]} ({Predecessor:} 10... Qa5 11. Kb1 a6 {1-0 (36) Ruiz,R (2148)-Bonagura,S (2018) Lodi 2005}) 11. e5 {[%emt 0:04:23]} dxe5 {[%emt 0:01:08]} 12. dxe5 {[%emt 0:03:00]} Nh7 {[%emt 0:01:14]} 13. e6 {[%emt 0:03:00]} fxe6 {[%emt 0:00:59]} 14. Ne5 {[%emt 0:01:41]} Qc7 {[%emt 0:02:57]} 15. Nxd7 {[%emt 0:06:05]} Rd8 {[%emt 0:00:19]} 16. Qe3 {[%emt 0:10:33]} Bxd7 {[%emt 0:02:15]} 17. Bc4 {[%emt 0:06:36]} Rf8 {[%emt 0:04:42]} 18. Ne4 {[%emt 0:09:41]} Rf5 {[%emt 0:07:14]} 19. Ng3 {[%emt 0:02:55]} Rf6 {[%emt 0:03:27]} 20. Rhe1 {[%emt 0:03:47]} Raf8 {[%emt 0:01:42]} 21. Ne4 {[%emt 0:01:35]} Rf5 {[%emt 0:01:16]} 22. f3 {[%emt 0:01:21]} b5 $1 {[%emt 0:01:36]} 23. Be2 {[%emt 0:01:22]} Bc8 {[%emt 0:00:37]} 24. g4 {[%emt 0:02:38]} hxg4 {[%emt 0:01:17]} 25. fxg4 {[%emt 0:00:13]} Qf4 {[%emt 0:00:21]} 26. Qxf4 {[%emt 0:00:54]} Rxf4 {[%emt 0:00:27]} 27. Nxc5 {[%emt 0:00:28]} Nf6 {[%emt 0:01:14]} 28. Nd3 {[%emt 0:05:31]} Re4 {[%emt 0:02:02]} 29. Bf3 {[%emt 0:00:58]} Rxe1 {[%emt 0:00:35]} 30. Rxe1 {[%emt 0:00:48]} ({Ein No Go ist} 30. Nxe1 e5 $11) 30... Rh8 {[%emt 0:03:25]} 31. Rh1 {[%emt 0:01:57]} Nd5 {[%emt 0:01:01]} 32. Kd2 {[%emt 0:04:10]} Rf8 $1 $11 {[%emt 0:00:48] keeps the balance.} 33. Be4 {[%emt 0:02:31]} (33. Ne5 Rf4) 33... Nf6 {[%emt 0:01:30]} 34. Bf3 $1 {[%emt 0:00:29]} Nd7 {[%emt 0:00:57]} 35. Be2 {[%emt 0:01:04]} (35. Bc6 $16) 35... Bb7 {[%emt 0:00:28]} 36. Rh2 {[%emt 0:01:07]} e5 {[%emt 0:03:43]} 37. Rf2 {[%emt 0:02:22]} Rf6 {[%emt 0:03:22]} 38. g5 {[%emt 0:03:16]} Rd6 {[%emt 0:02:41]} 39. Ke3 {[%emt 0:01:34]} Nb6 {[%emt 0:01:41]} (39... e4 $11 40. Nc1 Bd5) 40. Nxe5 {[%emt 0:02:47]} Nd5+ {[%emt 0:01:56]} (40... Re6 $16 {was worth a try.}) 41. Kd2 {[%emt 0:01:35]} Nf4+ {[%emt 0:02:11]} 42. Bd3 {[%emt 0:01:05]} Nxd3 {[%emt 0:01:03]} 43. cxd3 {[%emt 0:00:34]} Bd5 {[%emt 0:00:11]} 44. b3 {[%emt 0:00:27]} a5 {[%emt 0:00:12]} (44... Rd8 {keeps fighting.} 45. Rf1 Be6) 45. Rh2 {[%emt 0:00:58]} (45. Ke3 $18) 45... a4 {[%emt 0:00:26]} 46. bxa4 {[%emt 0:00:19]} ({White should play} 46. Kc3 $16) 46... bxa4 {[%emt 0:00:11]} 47. Ke3 {[%emt 0:00:18]} a3 {[%emt 0:00:15]} 48. h5 $2 {[%emt 0:00:35]} (48. Nc4 $16 Ra6 49. Kd4) 48... gxh5 {[%emt 0:00:18]} 49. Nc4 {[%emt 0:01:25]} Bxc4 {[%emt 0:00:55]} 50. dxc4 {[%emt 0:00:02]} Rb6 {[%emt 0:00:37]} 51. Kd3 {[%emt 0:00:24]} Kg6 {[%emt 0:01:30]} 52. c5 $11 {[%emt 0:00:36]} Rc6 {[%emt 0:00:53]} 1/2-1/2

[Event "ESP-ch Seniors 2017"]
[Site "Altea"]
[Date "2017.10.13"]
[Round "7"]
[White "Campos Gambuti, Luis Maria"]
[Black "Aranaz Portugues, Jose Carlos"]
[Result "1-0"]
[WhiteElo "2413"]
[BlackElo "2159"]
[Annotator "TA"]
[PlyCount "67"]
[EventDate "2017.??.??"]
[EventType "swiss"]
[EventCountry "ESP"]
[SourceTitle "playchess.com"]
[Source "ChessBase"]
[SourceQuality "1"]

{[%evp 11,67,1,41,10,62,25,180,174,176,178,181,185,210,200,245,231,252,206,323,312,315,311,339,331,348,345,350,347,350,345,344,327,321,332,319,295,311,310,325,295,289,145,160,133,180,144,144,145,134,134,140,142,147,137,166,145,912,912]} 1. c4 e5 2. g3 Nf6 3. Bg2 c6 4. d4 e4 5. Nc3 d5 6. Bg5 {A20: Englische Eröffnung} (6. cxd5 cxd5 7. Nh3 Bb4 8. O-O Bxc3 9. bxc3 O-O 10. f3 exf3 11. Rxf3 h6 12. Qf1 Nbd7 {½-½ (50) Aronian,L (2785)-Anand,V (2779) Doha 2016}) 6... Be7 {LiveBook: 3 Partien} 7. e3 O-O (7... Nbd7 $11) 8. Nge2 {Droht Lxf6 und aus.Weiß steht etwas besser.} Bg4 $146 (8... Nbd7 $11) ({Vorgänger:} 8... Nbd7 9. cxd5 cxd5 10. O-O Nb6 11. Nf4 {1-0 (60) Paluch,J (1973)-Geffert,A (2009) Slovakia 2009}) 9. Bxf6 $18 Bxf6 10. cxd5 cxd5 11. Qb3 $1 Re8 12. Qxd5 Nd7 13. Bxe4 Qb6 14. Qxb7 Qa5 (14... Qxb7 $142 15. Bxb7 Rab8) 15. Qxa8 Rxa8 16. Bxa8 Qa6 17. h3 Bh5 18. g4 Bg6 19. O-O Bd3 20. Rfe1 h5 21. Nf4 hxg4 22. Nxd3 Qxd3 23. Be4 Qa6 24. hxg4 Bh4 25. Nd5 Nf6 26. Bf3 ({Weiss kommt nicht vorbei an} 26. Nxf6+ $18 Qxf6 27. Re2) 26... Nxg4 $16 27. Re2 Qd6 {Schwarz will ...Dh2+ spielen.} 28. Nf4 g5 29. Bxg4 gxf4 {[#]} 30. e4 $1 {Schwarz muss nun Td1 beachten.} Qxd4 {[#]} 31. Kg2 $1 Qg7 32. Kf3 Bf6 33. Rc2 Qf8 $2 {[%mdl 8192]} (33... Qg5 $16 34. Rg1 Bd4) 34. Rc8 {Precision: Weiß = 80%, Schwarz =  8%.} 1-0

[Event "ESP-ch Seniors 2017"]
[Site "Altea"]
[Date "2017.10.13"]
[Round "7"]
[White "Suba, Mihai"]
[Black "Fernandez Vicente, Carmelo"]
[Result "1-0"]
[WhiteElo "2315"]
[BlackElo "2044"]
[Annotator "NA"]
[PlyCount "45"]
[EventDate "2017.??.??"]
[EventType "swiss"]
[EventCountry "ESP"]
[SourceTitle "playchess.com"]
[Source "ChessBase"]
[SourceQuality "1"]
[TimeControl "5400+30"]

1. c4 {[%emt 0:00:04]} c5 {[%emt 0:00:25]} 2. Nf3 {[%emt 0:00:04]} Nc6 {[%emt 0:00:21]} 3. d4 {[%emt 0:00:09]} cxd4 {[%emt 0:01:40]} 4. Nxd4 {[%emt 0:00:02]} Nf6 {[%emt 0:01:33]} 5. Nc3 {[%emt 0:00:18]} e6 {[%emt 0:01:03]} 6. a3 {[%emt 0:02:13]} Be7 {[%emt 0:01:22]} 7. e4 {[%emt 0:03:56]} O-O {[%emt 0:01:56]} 8. Be2 {[%emt 0:00:37]} Qb6 {[%emt 0:03:19] A33: Symmetrical English: 2 Nf3 Nf6 3 d4 cxd4 4 Nxd4 e6 5 Nc3 Nc6} (8... d5 9. exd5 exd5 10. O-O Nxd4 11. Qxd4 dxc4 12. Qxd8 Rxd8 13. Bxc4 Bf5 14. Re1 Kf8 15. h3 Rac8 16. Ba2 Bc5 17. Bb1 Bxb1 18. Rxb1 {0-1 (48) Edouard,R (2626)-Vachier Lagrave,M (2803) chess.com INT 2017}) 9. Nc2 {[%emt 0:03:10]} a6 $146 {[%emt 0:05:48]} ({Predecessor:} 9... Qc7 10. O-O b6 11. b3 Bb7 12. Ne3 Bd6 13. Qd3 Bxh2+ 14. Kh1 Be5 15. Ned1 Nd4 16. f4 Nxe2 17. Qxe2 Nxe4 {0-1 (17) Michna,M (2327)-Peptan,C (2427) Ostrava 1999}) 10. O-O {[%emt 0:00:18]} d6 {[%emt 0:02:17]} 11. Kh1 {[%emt 0:04:07]} Qc7 {[%emt 0:03:18]} 12. f4 {[%emt 0:02:49]} Na5 {[%emt 0:03:09]} 13. Ne3 {[%emt 0:00:20]} b6 {[%emt 0:02:54]} 14. b4 {[%emt 0:04:19]} Nc6 {[%emt 0:03:14]} 15. Bb2 {[%emt 0:03:14]} Bb7 {[%emt 0:02:26]} 16. Rc1 {[%emt 0:00:58]} a5 {[%emt 0:07:58]} 17. Ncd5 {[%emt 0:01:25]} exd5 $2 {[%emt 0:05:08]} (17... Qd8 $16) 18. cxd5 {[%emt 0:00:47]} Qd7 {[%emt 0:00:37]} 19. Bb5 {[%emt 0:04:09]} Rfc8 {[%emt 0:01:51]} 20. Nf5 {[%emt 0:01:50]} Bd8 {[%emt 0:02:00]} 21. dxc6 {[%emt 0:02:57]} Bxc6 {[%emt 0:00:35]} 22. Rxc6 {[%emt 0:00:16]} Rxc6 {[%emt 0:00:51]} 23. Nd4 $18 {[%emt 0:00:37]} 1-0

[Event "ESP-ch Seniors 2017"]
[Site "Altea"]
[Date "2017.10.13"]
[Round "7"]
[White "Garcia Fernandez, Carlos"]
[Black "Pastor Pons, Pedro Maria"]
[Result "1/2-1/2"]
[WhiteElo "2264"]
[BlackElo "2077"]
[Annotator "NA"]
[PlyCount "39"]
[EventDate "2017.??.??"]
[EventType "swiss"]
[EventCountry "ESP"]
[SourceTitle "playchess.com"]
[Source "ChessBase"]
[SourceQuality "1"]
[TimeControl "5400+30"]

1. e4 {[%emt 0:07:36]} e5 {[%emt 0:00:24]} 2. Nf3 {[%emt 0:02:46]} Nc6 {[%emt 0:00:08]} 3. Bc4 {[%emt 0:00:06]} Bc5 {[%emt 0:02:24]} 4. c3 {[%emt 0:01:54]} Nf6 {[%emt 0:01:22]} 5. d4 {[%emt 0:01:11]} exd4 {[%emt 0:01:07]} 6. cxd4 {[%emt 0:00:09]} Bb4+ {[%emt 0:00:39]} 7. Bd2 {[%emt 0:00:29]} Bxd2+ {[%emt 0:00:43]} 8. Nbxd2 {[%emt 0:00:03]} d5 {[%emt 0:00:17]} 9. exd5 {[%emt 0:00:08]} Nxd5 {[%emt 0:00:10]} 10. Qb3 {[%emt 0:00:49]} Nce7 {[%emt 0:00:59]} 11. O-O {[%emt 0:02:11]} O-O {[%emt 0:00:18]} 12. Rfe1 {[%emt 0:00:20]} c6 {[%emt 0:05:47]} 13. a4 {[%emt 0:04:05]} Rb8 {[%emt 0:17:15]} 14. Ne4 {[%emt 0:09:38] C54: Giuoco Piano: 4 c3 Nf6, main lines with 5 d4 and 5 d3} h6 {[%emt 0:04:23]} 15. Qa3 $146 {[%emt 0:06:40]} ({Predecessor:} 15. Ne5 Bf5 16. Nc5 Qc7 17. Rac1 Rfd8 18. Qf3 Bg6 19. Nxg6 Nxg6 20. Bxd5 Rxd5 21. Na6 Qd8 22. Nxb8 Qxb8 {1-0 (50) Michiels,R (2262)-Petkov,V (2484) Belgium 2009}) 15... a5 {[%emt 0:04:29]} 16. Bxd5 {[%emt 0:06:35]} Nxd5 {[%emt 0:00:35]} 17. h3 {[%emt 0:01:17]} Bf5 {[%emt 0:06:16]} 18. Ng3 {[%emt 0:08:21]} Bh7 {[%emt 0:10:09]} 19. Rad1 {[%emt 0:04:11]} Re8 {[%emt 0:06:06]} 20. Rxe8+ $15 {[%emt 0:02:16]} 1/2-1/2

[Event "ESP-ch Seniors 2017"]
[Site "Altea"]
[Date "2017.10.13"]
[Round "7"]
[White "Roche Simon, Manuel Angel"]
[Black "Elissalt Cardenas, Hector"]
[Result "0-1"]
[WhiteElo "2216"]
[BlackElo "2324"]
[Annotator "TA"]
[PlyCount "126"]
[EventDate "2017.??.??"]
[EventType "swiss"]
[EventCountry "ESP"]
[SourceTitle "playchess.com"]
[Source "ChessBase"]
[SourceQuality "1"]

{[%evp 18,126,57,53,51,45,44,20,25,23,16,24,28,23,20,20,88,75,78,33,38,8,7,0,0,0,0,-25,-17,-15,-30,-16,-17,-27,-40,-114,-14,-63,-30,-75,-35,-50,-39,-39,-41,-162,-172,-169,-154,-297,-285,-404,-406,-389,-357,-430,-400,-555,-542,-578,-596,-534,-537,-628,-614,-595,-580,-550,-395,-368,-359,-620,-637,-533,-270,-270,-270,-337,-331,-363,-364,-332,-283,-568,-559,-550,-530,-470,-375,-613,-600,-643,-525,-10194,-7904,-5451,-1781,-7292,-10194,-6713,-7329,-6610,-5691,-4635,-4618,-1841,-1543,-12796,-7145,-5114,-5110]} 1. e4 c6 2. d4 d5 3. Nc3 g6 4. Nf3 Bg7 5. h3 Nh6 6. Bf4 f6 7. exd5 cxd5 8. Nb5 Na6 9. c4 O-O 10. Nc3 {LiveBook: 9 Games. B15: Caro-Kann: 3 Nc3: 3...g6 and 3...dxe4 4 Nxe4 Nf6 5 Nxf6+ exf6} (10. cxd5 Qxd5 11. Nc3 Qf5 12. Bxh6 Bxh6 13. Bc4+ Kh8 14. O-O Bd7 15. Re1 Rae8 16. Nd5 e5 17. g4 Qe6 18. dxe5 fxe5 19. Nxe5 {1-0 (30) Kulaots,K (2556)-Volodin,A (2486) Tallinn 2015}) 10... e5 11. dxe5 d4 12. Qxd4 $146 {White is slightly better.} ({Predecessor:} 12. exf6 Qxf6 13. Nd5 Qf7 14. Be2 Be6 15. Ng5 Qd7 16. Nxe6 Qxe6 17. O-O Nf5 {1-0 (26) Csirik,A (2343)-Bodiroga,P (2398) Hungary 2010}) 12... Qxd4 13. Nxd4 fxe5 14. Bxh6 $1 Bxh6 15. Nc2 Bf5 16. Ne3 Bxe3 (16... Nb4 $11 {remains equal.} 17. Ncd5 Nxd5 18. Nxd5 Be4) 17. fxe3 $16 Rad8 18. Nd5 (18. g4 $5 {[%cal Rg4f5]} Be6 19. b3 $16) 18... Kg7 19. O-O-O Nc5 20. Nc3 Nd3+ 21. Bxd3 $1 Bxd3 22. b3 Rf2 $36 {[%mdl 2048] Hoping for ...Rc2+. Black has some pressure.} 23. Rd2 Rxd2 24. Kxd2 Bxc4+ $11 {[%mdl 4096] Endgame KRB-KRN} 25. Kc2 Bd3+ 26. Kb2 {[#]} (26. Kc1 $1 $15) 26... Ba6 ({Black should play} 26... Rf8 $1 $17 {White should prevent ...Rf2+.} 27. Rd1 Rf2+ 28. Ka3 e4) 27. Kc1 b6 28. Re1 h5 29. h4 $1 Bd3 30. e4 Rd4 31. Kb2 ({Better is} 31. a3 $15) 31... b5 $19 32. a3 {[#]} a5 $1 {[%cal Ba7a5,Ba5b4][%mdl 32]} 33. Re3 (33. g3 $17) 33... b4 34. axb4 (34. Na4 $142 Bxe4 35. axb4 axb4 36. g3) 34... axb4 35. Na4 {Threatens to win with Nc5.} Bxe4 36. g3 Kf6 37. Nc5 Bf5 38. Re2 e4 39. Kc1 Ke5 40. Kb2 Rd5 41. Na6 Bg4 42. Re1 Rd2+ 43. Kc1 Rd3 44. Kb2 $2 (44. Nxb4 Rxb3 45. Nc6+ Kf6 46. Nd4 Rxg3 47. Rxe4) 44... Rxg3 45. Nxb4 Be6 46. Nc6+ Kd6 47. Nd4 Bd5 48. Nb5+ Ke5 49. Nc3 Bc6 50. Ra1 $2 (50. Rc1 {keeps fighting.}) 50... Rg2+ 51. Ka3 e3 {[%cal Be4e3,Be3e2][%mdl 32]} 52. Kb4 e2 53. Kc5 $2 (53. Kc4 g5 54. Kd3 gxh4 55. Ra5+ Kf4 56. Nxe2+ Kg4 57. Rc5 Be4+ 58. Kxe4 Rxe2+ 59. Kd3) 53... Bf3 {Black is clearly winning.} 54. b4 Rf2 {...Rf1 is the strong threat.} 55. Re1 Rf1 56. Rxe2+ Bxe2 57. Nxe2 {KR-KN} Re1 58. Nc3 Rc1 59. Kc4 Rh1 60. b5 Rxh4+ 61. Kc5 Rh3 62. Na4 Ra3 63. Nb2 Rb3 {Precision: White = 32%, Black = 73%.} 0-1